000 00288nam a2200121Ia 4500
008 190216s9999||||xx |||||||||||||| ||und||
100 _aGautam Roy
245 0 _aLearn Everything In Pc Software
260 _bWheeler Pub
_c1997
300 _a448p
650 _aComputer Science
942 _cBK
999 _c8640
_d8640